Nové prístupy k štruktúrnej politike v širších súvislostiach

Uplatňovanie nových liberálnych prístupov k štruktúrnej politike v meniacich sa podsmienkach globalizujúceho sa svetového hospodárstva. Pôsobenie determinantov vývoja štruktúry na rozhodovanie ekonomických subjektov o štruktúrnych zmenách. Príčiny diferencovaného vývoja štruktúry jednotlivých hospod...

Descrizione completa

Salvato in:
Dettagli Bibliografici
Autore principale: Valach, Eugen
Natura: Capitolo di libro
Lingua:slovacco
Soggetti:
Tags: Aggiungi Tag
Nessun Tag, puoi essere il primo ad aggiungerne!!

MARC

LEADER 00000naa$a2200000$$$4500
001 0004990
005 20231004075711.8
041 0 |a slo 
044 |a CZ 
245 1 0 |a Nové prístupy k štruktúrnej politike v širších súvislostiach  |c aut. Eugen Valach 
520 |a Uplatňovanie nových liberálnych prístupov k štruktúrnej politike v meniacich sa podsmienkach globalizujúceho sa svetového hospodárstva. Pôsobenie determinantov vývoja štruktúry na rozhodovanie ekonomických subjektov o štruktúrnych zmenách. Príčiny diferencovaného vývoja štruktúry jednotlivých hospodárstiev. 
610 2 0 |a politika štruktúrna 
610 2 0 |a rast hospodársky 
610 2 0 |a hospodárstvo svetové 
610 2 0 |a globalizácia hospodárstva 
610 2 0 |a liberalizácia 
610 2 0 |a štruktúra ekonomická 
100 1 |a Valach, Eugen